Catálogo

Manual del filatelista / (Registro nro. 26048)

Detalles MARC
000 -LEADER
fixed length control field 00893cam a2200265 i 4500
001 - CONTROL NUMBER
control field 26048
003 - CONTROL NUMBER IDENTIFIER
control field Mx-PuUPA
005 - DATE AND TIME OF LATEST TRANSACTION
control field 20220304112837.0
008 - FIXED-LENGTH DATA ELEMENTS--GENERAL INFORMATION
fixed length control field 140415s1989 pn a gr 000 0 spa d
020 ## - INTERNATIONAL STANDARD BOOK NUMBER
International Standard Book Number 0944499511
040 ## - CATALOGING SOURCE
Original cataloging agency Mx-PuUPA
Language of cataloging spa
Transcribing agency Mx-PuUPA
Modifying agency Mx-PuUPA
Description conventions rda
041 0# - LANGUAGE CODE
Language code of text/sound track or separate title spa
245 10 - TITLE STATEMENT
Title Manual del filatelista /
Statement of responsibility, etc. dirección general, María Eloísa Álvarez del Real.
264 #1 - PRODUCTION, PUBLICATION, DISTRIBUTION, MANUFACTURE, AND COPYRIGHT NOTICE
Place of production, publication, distribution, manufacture Panamá :
Name of producer, publisher, distributor, manufacturer Editorial América,
Date of production, publication, distribution, manufacture, or copyright notice ©1989
300 ## - PHYSICAL DESCRIPTION
Extent 224 páginas :
Other physical details ilustraciones, fotografías ;
Dimensions 20 cm.
336 ## - CONTENT TYPE
Content type term texto
Fuente rdacontent
Content type code txt
337 ## - MEDIA TYPE
Media type term sin medio
Source rdamedia
Media type code n
338 ## - CARRIER TYPE
Carrier type term volumen
Source rdacarrier
Carrier type code nc
650 #7 - SUBJECT ADDED ENTRY--TOPICAL TERM
Topical term or geographic name entry element Filatelia y filatelistas
Source of heading or term armarc
650 #7 - SUBJECT ADDED ENTRY--TOPICAL TERM
Topical term or geographic name entry element Sellos postales
Source of heading or term armarc
700 1# - ADDED ENTRY--PERSONAL NAME
Personal name Alvarez del Real, María Eloísa,
Relator term director
9 (RLIN) 1638
942 ## - ADDED ENTRY ELEMENTS (KOHA)
Source of classification or shelving scheme Dewey Decimal Classification
Koha item type Libro
Classification part 769.56
Item part M2665
Existencias
Withdrawn status Lost status Source of classification or shelving scheme Damaged status Not for loan Collection code Home library Current library Shelving location Date acquired Source of acquisition Total Checkouts Full call number Barcode Date last seen Price effective from Koha item type
    Dewey Decimal Classification     Referencia Biblioteca Karol Wojtyla Biblioteca Karol Wojtyla Área de silencio 31/03/2016 Compra   769.56 M2665 1989 8301 05/01/2026 31/03/2016 Libro R